[Event "Wch U12"]
[Site "Batumi"]
[Date "2022.09.19"]
[Round "4"]
[White "Mukhsinov, Mukhammad Yusuf"]
[Black "Mane, Arnav"]
[Result "1-0"]
[WhiteElo "1556"]
[BlackElo "1238"]
[PlyCount "132"]
[EventDate "2022.09.16"]
[EventType "swiss"]
[EventRounds "11"]
[EventCountry "GEO"]
[SourceTitle "EXT 2023"]
[Source "ChessBase"]
[SourceDate "2022.10.05"]
[SourceVersion "1"]
[SourceVersionDate "2022.10.05"]
[SourceQuality "1"]

1. e4 c5 2. Nf3 d6 3. d4 cxd4 4. Nxd4 Nf6 5. Nc3 e6 6. Be3 Be7 7. f3 Nc6 8. Qd2 0-0 9. g4 d5 10. g5 Ne8 11. exd5 exd5 12. h4 Nc7 13. 0-0-0 Bc5 14. Kb1 Re8 15. Bf2 Nxd4 16. Bxd4 Bxd4 17. Qxd4 Bf5 18. h5 Ne6 19. Qxd5 Qxd5 20. Rxd5 g6 21. Bb5 Red8 22. Rhd1 a6 23. Bc4 b5 24. hxg6 Bxg6 25. Bb3 Rxd5 26. Rxd5 Re8 27. a3 Rd8 28. Rxd8+ Nxd8 29. Nd5 Nc6 30. Nf6+ Kg7 31. Ne8+ Kf8 32. Nc7 Nd4 33. Bd5 Nxc2 34. Kc1 Nd4 35. Nxa6 Bh5 36. Be4 Kg7 37. Kd2 Nxf3+ 38. Bxf3 Bxf3 39. Ke3 Bc6 40. Nb4 Bd7 41. Nd3 Be8 42. Kf4 f6 43. Nc5 fxg5+ 44. Kxg5 h6+ 45. Kf5 Kf7 46. Ne4 Ke7 47. Nf6 Bf7 48. Ne4 Be8 49. Ke5 Bd7 50. Nf6 Be6 51. Nh5 Bf7 52. Ng7 Bg6 53. Ne6 Be8 54. Nf4 Bf7 55. Ne2 Be8 56. b3 Bd7 57. Nf4 Be8 58. Nd5+ Kd7 59. Nf6+ Ke7 60. Ng8+ Kd7 61. Nxh6 Kc6 62. b4 Bh5 63. Nf5 Kb6 64. Kd6 Be2 65. Ne7 Bf1 66. Nd5+ Kb7 1-0

[Event "Wch U12"]
[Site "Batumi"]
[Date "2022.09.18"]
[Round "3"]
[White "Mane, Arnav"]
[Black "Suleymanov, Magomed"]
[Result "1-0"]
[WhiteElo "1238"]
[BlackElo "1009"]
[PlyCount "63"]
[EventDate "2022.09.16"]
[EventType "swiss"]
[EventRounds "11"]
[EventCountry "GEO"]
[SourceTitle "EXT 2023"]
[Source "ChessBase"]
[SourceDate "2022.10.05"]
[SourceVersion "1"]
[SourceVersionDate "2022.10.05"]
[SourceQuality "1"]

1. e4 e5 2. Nc3 Nf6 3. Bc4 Nxe4 4. Qh5 Nd6 5. Bb3 Nc6 6. Nb5 g6 7. Qf3 f5 8. Qd5 Qe7 9. Nxc7+ Kd8 10. Nxa8 e4 11. Ne2 Bg7 12. Ba4 Re8 13. Bxc6 dxc6 14. Qa5+ Kd7 15. Qc7+ Ke6 16. Qxe7+ Rxe7 17. Nf4+ Ke5 18. d3 exd3 19. Nxd3+ Kd5+ 20. Kf1 b5 21. c3 Bb7 22. Bg5 Rd7 23. Nf4+ Ke5 24. Re1+ Ne4 25. f3 Bxa8 26. fxe4 fxe4 27. Nh3 c5 28. Be3 Bd5 29. b3 c4 30. Bd4+ Kf5 31. Bxg7 Rxg7 32. b4 1-0

[Event "Wch U12"]
[Site "Batumi"]
[Date "2022.09.17"]
[Round "2"]
[White "Sanjay, Vasu"]
[Black "Mane, Arnav"]
[Result "1-0"]
[WhiteElo "1579"]
[BlackElo "1238"]
[PlyCount "68"]
[EventDate "2022.09.16"]
[EventType "swiss"]
[EventRounds "11"]
[EventCountry "GEO"]
[SourceTitle "EXT 2023"]
[Source "ChessBase"]
[SourceDate "2022.10.05"]
[SourceVersion "1"]
[SourceVersionDate "2022.10.05"]
[SourceQuality "1"]

1. e4 c5 2. Nf3 d6 3. d3 Nf6 4. g3 e5 5. Bg2 Be7 6. Nbd2 Nc6 7. 0-0 0-0 8. a4 Be6 9. Ng5 Bd7 10. Nc4 h6 11. Nf3 Be6 12. Qe2 a6 13. b3 b5 14. Ne3 Qd7 15. Bb2 Rfe8 16. Nh4 Ng4 17. Nef5 Bxh4 18. Qxg4 Bxf5 19. Qxf5 Qe7 20. gxh4 Nb4 21. Rfc1 Qxh4 22. axb5 axb5 23. Qd7 Rad8 24. Qxb5 Re6 25. d4 Rg6 26. Qe2 exd4 27. Rf1 Re8 28. Rae1 Qh3 29. f4 d3 30. cxd3 Qxd3 31. Rf3 Qxe2 32. Rxe2 Rge6 33. Rg3 Rg6 34. Rxg6 fxg6 1-0

[Event "Pan American-ch U10"]
[Site "Guayaquil"]
[Date "2019.07.27"]
[Round "9"]
[White "Ubilluz Pena, Jaiden Andres"]
[Black "Mane, Arnav"]
[Result "1-0"]
[WhiteElo "1310"]
[BlackElo "1168"]
[PlyCount "53"]
[EventDate "2019.07.21"]
[EventType "swiss"]
[EventRounds "9"]
[EventCountry "ECU"]
[SourceTitle "EXT 2020"]
[Source "ChessBase"]
[SourceDate "2019.10.17"]
[SourceVersion "1"]
[SourceVersionDate "2019.10.17"]
[SourceQuality "1"]

1. e4 c5 2. Nf3 d6 3. d4 cxd4 4. Nxd4 Nf6 5. Nc3 a6 6. Bc4 e6 7. Bb3 Nbd7 8. Be3 Nc5 9. f3 Nxb3 10. axb3 b5 11. Ncxb5 Bb7 12. b4 axb5 13. Rxa8 Bxa8 14. Qd3 Qd7 15. Qxb5 Qxb5 16. Nxb5 Bc6 17. Na7 Bb7 18. c4 Nd7 19. Kd2 Nb8 20. b5 Nd7 21. b4 Ne5 22. Rc1 Kd7 23. c5 Kc7 24. c6 d5 25. b6+ Kd8 26. cxb7 Bxb4+ 27. Ke2 1-0

[Event "Pan American-ch U10"]
[Site "Guayaquil"]
[Date "2019.07.25"]
[Round "7"]
[White "Tacca Aller, Andriu Ariel"]
[Black "Mane, Arnav"]
[Result "0-1"]
[WhiteElo "1045"]
[BlackElo "1168"]
[PlyCount "112"]
[EventDate "2019.07.21"]
[EventType "swiss"]
[EventRounds "9"]
[EventCountry "ECU"]
[SourceTitle "EXT 2020"]
[Source "ChessBase"]
[SourceDate "2019.10.17"]
[SourceVersion "1"]
[SourceVersionDate "2019.10.17"]
[SourceQuality "1"]

1. d4 d5 2. c4 e6 3. Nf3 Nf6 4. e3 Be7 5. Be2 b6 6. Nbd2 dxc4 7. Nxc4 0-0 8. 0-0 Bb7 9. Nce5 Nbd7 10. b3 c5 11. Bb2 cxd4 12. exd4 Nd5 13. Nd2 N7f6 14. f4 Ne3 15. Qe1 Nxf1 16. Nxf1 Nd5 17. Bf3 Rb8 18. Bxd5 Qxd5 19. Ne3 Qd8 20. Qg3 Bd6 21. Rf1 Bxe5 22. fxe5 h6 23. Ng4 Kh8 24. Qh3 Qg5 25. Bc1 Qg6 26. Rf2 Rbc8 27. Be3 h5 28. Rf4 Kg8 29. Nf6+ gxf6 30. Rxf6 Qb1+ 31. Rf1 Qh7 32. Rf6 Rc2 33. Rf2 Rxf2 34. Kxf2 Qc2+ 35. Kg3 Qg6+ 36. Kf4 Bxg2 37. Qg3 Qxg3+ 38. hxg3 Bh3 39. Kf3 Bg4+ 40. Kf4 Rc8 41. Kg5 Rc2 42. a4 Rc3 43. Bf4 Rxb3 44. Kf6 Ra3 45. Bg5 Rxg3 46. Ke7 Ra3 47. Kd7 Rxa4 48. Kc7 Rxd4 49. Kb7 Ra4 50. Ka8 b5 51. Kb7 b4 52. Kc6 b3 53. Kb5 b2 54. Kxa4 b1Q 55. Be7 Bd1+ 56. Ka5 Qb6# 0-1

[Event "CAN-ch U08"]
[Site "Windsor"]
[Date "2016.07.08"]
[Round "7.125"]
[White "Mane, Arnav"]
[Black "Puri, Aryan"]
[Result "0-1"]
[WhiteElo "675"]
[BlackElo "724"]
[PlyCount "92"]
[EventDate "2016.07.05"]
[EventType "swiss"]
[EventRounds "7"]
[EventCountry "CAN"]
[SourceTitle "EXT 2022"]
[Source "ChessBase"]
[SourceDate "2021.10.06"]
[SourceVersion "1"]
[SourceVersionDate "2021.10.06"]
[SourceQuality "1"]

1. e4 e5 2. Bc4 Nc6 3. d3 Nf6 4. Bg5 Bc5 5. Nc3 0-0 6. Nd5 Be7 7. Nf3 d6 8. d4 exd4 9. Nxd4 Bg4 10. f3 Bd7 11. Nxc6 Bxc6 12. e5 dxe5 13. Nxf6+ Bxf6 14. Qxd8 Bxd8 15. Bxd8 Raxd8 16. 0-0 Rd6 17. Rfe1 Rg6 18. Rf1 Rd8 19. Rfe1 Rd2 20. Re2 Rd4 21. Bb3 Rh4 22. Rae1 Rgh6 23. Rxe5 g6 24. h3 Bd7 25. Re7 Bxh3 26. Bxf7+ Kh8 27. Re8+ Kg7 28. R1e7 Kf6 29. gxh3 Rxh3 30. Re6+ Kxf7 31. R8e7+ Kf8 32. Rxc7 Rh1+ 33. Kf2 R6h2+ 34. Ke3 Re1+ 35. Kf4 Rxe6 36. Kg4 Rhe2 37. Rc8+ Ke7 38. Rc7+ Kd6 39. Rxb7 Rg2+ 40. Kf4 g5+ 41. Kf5 Rh6 42. Ke4 Re2+ 43. Kf5 Rh3 44. Rxa7 Rxf3+ 45. Kxg5 Rg2+ 46. Kh6 Rh3# 0-1

[Event "CAN-ch U08"]
[Site "Windsor"]
[Date "2016.07.07"]
[Round "5.123"]
[White "Li, Eric M"]
[Black "Mane, Arnav"]
[Result "1-0"]
[WhiteElo "947"]
[BlackElo "675"]
[PlyCount "135"]
[EventDate "2016.07.05"]
[EventType "swiss"]
[EventRounds "7"]
[EventCountry "CAN"]
[SourceTitle "EXT 2022"]
[Source "ChessBase"]
[SourceDate "2021.10.06"]
[SourceVersion "1"]
[SourceVersionDate "2021.10.06"]
[SourceQuality "1"]

1. d4 d5 2. c4 Nf6 3. cxd5 Nxd5 4. Nf3 Nc6 5. e4 Nf6 6. Nc3 Bg4 7. Be3 e5 8. Bb5 a6 9. Bxc6+ bxc6 10. dxe5 Qxd1+ 11. Rxd1 Bxf3 12. gxf3 Nd7 13. Bf4 Rb8 14. Na4 Bb4+ 15. Bd2 Bxd2+ 16. Rxd2 Nxe5 17. Ke2 Rb4 18. b3 0-0 19. Rhd1 Rbb8 20. h4 Ng6 21. h5 Nf4+ 22. Ke3 Nxh5 23. Nc5 Nf6 24. Nxa6 Rbc8 25. Rc1 Rfd8 26. Rxd8+ Rxd8 27. Nxc7 Rd6 28. e5 Nd5+ 29. Nxd5 Rxd5 30. Rxc6 Rxe5+ 31. Kd4 Re8 32. b4 h6 33. a4 Rd8+ 34. Kc5 Rb8 35. b5 Ra8 36. Ra6 Rc8+ 37. Kb4 Kf8 38. b6 Ke7 39. b7 Rb8 40. Rb6 Kd7 41. Kb5 Kc7 42. Ka6 h5 43. Rb4 h4 44. Rxh4 Rxb7 45. Rh7 Rb6+ 46. Ka5 Rb8 47. Rxg7 Kc6 48. Rxf7 Rb1 49. f4 Rb8 50. f5 Rb2 51. f6 Rxf2 52. Rf8 Kd6 53. Kb6 Ke6 54. a5 Rb2+ 55. Ka7 Rf2 56. a6 Rb2 57. Ka8 Rb6 58. a7 Kd7 59. Rb8 Rxf6 60. Kb7 Rf7 61. a8Q Kd6+ 62. Kb6 Rc7 63. Rd8+ Ke7 64. Kxc7 Ke6 65. Re8+ Kf7 66. Rf8+ Kg6 67. Qg2+ Kh5 68. Rh8# 1-0

[Event "CAN-ch U08"]
[Site "Windsor"]
[Date "2016.07.05"]
[Round "1.121"]
[White "Chandra, Anand Rishi"]
[Black "Mane, Arnav"]
[Result "1-0"]
[WhiteElo "1322"]
[BlackElo "675"]
[PlyCount "47"]
[EventDate "2016.07.05"]
[EventType "swiss"]
[EventRounds "7"]
[EventCountry "CAN"]
[SourceTitle "EXT 2022"]
[Source "ChessBase"]
[SourceDate "2021.10.06"]
[SourceVersion "1"]
[SourceVersionDate "2021.10.06"]
[SourceQuality "1"]

1. e4 e5 2. Nf3 Nc6 3. Bc4 Nf6 4. Ng5 Bc5 5. Nxf7 Qe7 6. Nxh8 d6 7. Nc3 Bg4 8. Be2 Bxe2 9. Qxe2 Nd4 10. Qd1 Qf8 11. Ne2 Nxe4 12. Nxd4 exd4 13. 0-0 Qxh8 14. Qe2 d5 15. d3 0-0-0 16. dxe4 d3 17. cxd3 Re8 18. Qg4+ Kb8 19. exd5 Bxf2+ 20. Rxf2 Re1+ 21. Rf1 Qd8 22. Rxe1 Qxd5 23. Re8+ Qd8 24. Rxd8# 1-0